Are You Smarter Than A 5th Grader? - Statistics

General Stats
  • This quiz has been taken 1,593 times
  • The average score is 11 of 16
Answer Stats
Hint Answer % Correct
How many continents are there? 7
97%
Who is the scientist that discovered gravity? Isaac Newton
93%
What continent are the Pyramids of Giza located in? Africa
89%
What is the tallest animal in the world? Giraffe
89%
What month has the shortest days? February
82%
How‌ many sides ‌does‌ ‌a‌ ‌trapezium ‌have?‌ 4
75%
What‌ ‌is‌ ‌the‌ ‌number‌ ‌on‌ ‌the‌ ‌bottom of‌ ‌a‌ ‌fraction‌ ‌called?‌ Denominator
75%
What group are lizards in? Reptile
75%
What element is mostly in our atmosphere? Nitrogen
73%
What‌ ‌is‌ ‌the‌ ‌number‌ ‌on‌ ‌the‌ ‌top‌ ‌of‌ ‌a‌ ‌fraction‌ ‌called?‌ Numerator
72%
What is the capital of New York? Albany
59%
How many inches are there in two yards? 72
57%
What is the volcano called that destroyed Pompeii? Mt. Vesuvius
49%
Which‌ ‌geometrical‌ ‌shape‌ ‌has‌ ‌no‌ ‌vertices?‌ Sphere
39%
Why is Mars red? Iron
32%
What is the largest volcano in the world? Hint: It isn't on Earth. Mt. Olympus
5%
No matching quizzes found
Score Distribution
Percent of People with Each Score
Percentile by Number Answered
Your Score History
You have not taken this quiz